000 00370 a2200109 4500
001 ART_23168
005 20260410161929.0
008 260409a
245 1 0 _aLa ética agustiniana
100 1 _aLetizia, Francisco
773 0 _tRevista de la Facultad de Ciencias Económicas de la Universidad de Cuyo
_g- Año XXXII, Nº 82 (jul./dic. 1980)
_wREV22981
999 _c28436
_d28436